000 00729nam a22002057a 4500
999 _c17888
_d17888
003 AR-CdUCM
008 190510b ||||| |||| 00| 0 spa d
040 _aMUNICIPALIDAD PROVINCIAL DEL CUSCO
_cBIBLIOTECA MUNICIPAL DEL CUSCO
082 _a869.964 /
_bG915
100 _aGuillen, Nicolas
_98092
245 _aSóngoro Cosongo :
_bMotivos de son West Indies Ltd. España /
260 _aBuenos Aires :
_bLosada,
_c1952.
300 _a120 páginas ;
_c20 cm.
440 _aPoema en cuatro angustias y una esperanza
_938103
505 _aContenido : Canción de bongó -- Mujer nueva -- Motivos de son -- Negro bembón -- Mulata...
650 _aPoema
_96104
650 _aLiteratura
_983
942 _2ddc
_cLIBROS
945 _arcc